000 00665nam a2200217Ia 4500
005 20250508170037.0
008 008 250505s9999 xx 000 0 eng d
020 _a978-81-7450-853-9
037 _aTextual
040 _aFEDL
_beng
_cFEDL
041 _aeng
_2eng
084 _a707, NCE
_qFEDL
245 0 _aSource book on assessment for classes, 1-5: Arts education
245 0 _cNCERT (New Delhi India)
260 _aNew Delhi, India
_bNational Council of Educational Research and Training
_c2008
300 _a57p.
365 _aINR
_b645
546 _aGifted by Prof. Anita Rampal
942 _cTEXL
_h707, NCE
999 _c1398874
_d1398874